000 00404 a2200133 4500
001 ART_43490
005 20260410162024.0
008 260409a
245 1 0 _aThe effect of naturalization on wage growth
100 1 _aBratsberg, Bernt
700 1 _aRagan, James F., Jr.
700 1 _aNasir, Zafar M.
773 0 _tJournal of labor economics
_g- Vol. 20, NÂș 3 (jul. 2002)
_wREV43438
999 _c33409
_d33409